[Event "4NCL Division 1a"]
[Site "De Vere, Staverton Park ENG"]
[Date "2013.01.13"]
[Round "4.131"]
[White "Webb, Richard M"]
[Black "Dearing, Edward J"]
[Result "1/2-1/2"]
[WhiteElo "2266"]
[BlackElo "2418"]
[PlyCount "107"]
[EventDate "2013.01.13"]
[WhiteTeam "BCM Dragons"]
[BlackTeam "Cambridge University 1"]

1. e4 d6 2. d4 Nf6 3. Nc3 e5 4. dxe5 dxe5 5. Qxd8+ Kxd8 6. Bg5 Be6 7. O-O-O+
Nbd7 8. f4 exf4 9. Nf3 h6 10. Bxf4 c6 11. Nd4 Bb4 12. Nxe6+ fxe6 13. Bc4 Ke7
14. Rhe1 Nh5 15. Bd2 Bd6 16. g3 Ne5 17. Be2 Nf6 18. Be3 Nfd7 19. Rf1 Bc5 20.
Bd2 b5 21. Rde1 a6 22. Nd1 Nf6 23. Bc3 Bd6 24. Nf2 c5 25. Nd3 Nfd7 26. Nxe5
Bxe5 27. Bd2 g5 28. c3 Rhc8 29. Be3 Rab8 30. Kc2 a5 31. Rd1 Nf6 32. Bf3 Rc7 33.
h4 Rg8 34. hxg5 hxg5 35. g4 b4 36. Rh1 a4 37. cxb4 cxb4+ 38. Kb1 a3 39. Rc1
Rxc1+ 40. Bxc1 axb2 41. Bxb2 Bxb2 42. Kxb2 Nd7 43. Kb3 Rf8 44. Bd1 Rf2 45. Kxb4
Rxa2 46. Rh7+ Kd6 47. Rg7 Rd2 48. Bb3 Rd4+ 49. Kc3 Rxe4 50. Rxg5 Re3+ 51. Kc2
Nc5 52. Bxe6 Nxe6 53. Ra5 Rg3 54. Kd2 1/2-1/2

[Event "4NCL Division 1a"]
[Site "De Vere, Staverton Park ENG"]
[Date "2013.01.13"]
[Round "4.134"]
[White "Eckersley-Waites, Adam"]
[Black "Farrand, Tom"]
[Result "1-0"]
[WhiteElo "2266"]
[BlackElo "2181"]
[PlyCount "131"]
[EventDate "2013.01.13"]
[WhiteTeam "Cambridge University 1"]
[BlackTeam "BCM Dragons"]

1. e4 c5 2. Nf3 e6 3. d4 cxd4 4. Nxd4 Nf6 5. Nc3 Nc6 6. Ndb5 d6 7. Bf4 e5 8.
Bg5 a6 9. Na3 b5 10. Bxf6 gxf6 11. Nd5 f5 12. exf5 Bxf5 13. c3 Bg7 14. Nc2 O-O
15. Nce3 Be6 16. Bd3 f5 17. O-O Ra7 18. a4 Ne7 19. Nxe7+ Rxe7 20. axb5 axb5 21.
Bxb5 d5 22. Ra6 Kh8 23. Qa4 f4 24. Nc2 Bf5 25. Bc6 Bd3 26. Ra8 Qd6 27. Rc1 Ref7
28. Nb4 Be4 29. Rxf8+ Bxf8 30. Bxd5 Bxd5 31. Rd1 Qg6 32. Nxd5 Rg7 33. g3 fxg3
34. hxg3 Bc5 35. Qh4 Rf7 36. Ne3 Bxe3 37. fxe3 Kg7 38. g4 h6 39. Re1 Qe4 40.
Qh1 Qd3 41. Qh2 e4 42. Qe5+ Kh7 43. Qd4 Qc2 44. Rf1 Rxf1+ 45. Kxf1 Qc1+ 46. Kf2
Qxb2+ 47. Kg3 Qb8+ 48. Kh3 Qb1 49. Qd7+ Kg8 50. Qe6+ Kg7 51. Qe5+ Kg8 52. Kg3
Qh1 53. Qe6+ Kg7 54. Qd7+ Kg8 55. Qf5 Kg7 56. Qe5+ Kg8 57. Qe6+ Kg7 58. Qf5 Kg8
59. c4 Qg1+ 60. Kf4 Qf1+ 61. Ke5 Qxc4 62. Qe6+ Qxe6+ 63. Kxe6 Kg7 64. Kf5 Kf7
65. Kxe4 Kg6 66. Kd5 1-0